FUNDAMENTALS OF FIXED PROSTHODONTICS (Record no. 4471)

MARC details
000 -LEADER
fixed length control field 00385nam a2200145Ia 4500
008 - FIXED-LENGTH DATA ELEMENTS--GENERAL INFORMATION
fixed length control field 150201s2010 xx 000 0 und d
082 ## - DEWEY DECIMAL CLASSIFICATION NUMBER
Classification number 617.692
Item number F2010S
100 ## - MAIN ENTRY--PERSONAL NAME
Personal name SHILLINGBURG, HARBART
245 ## - TITLE STATEMENT
Title FUNDAMENTALS OF FIXED PROSTHODONTICS
250 ## - EDITION STATEMENT
Edition statement 1ST
260 ## - PUBLICATION, DISTRIBUTION, ETC. (IMPRINT)
Name of publisher, distributor, etc. QUINTESSENCE PUBLICATION
Place of publication, distribution, etc. CHICAGO
Date of publication, distribution, etc. 2010
300 ## - PHYSICAL DESCRIPTION
Extent 1-582
650 ## - SUBJECT ADDED ENTRY--TOPICAL TERM
Topical term or geographic name as entry element PROSTHODONTICS
942 ## - ADDED ENTRY ELEMENTS (KOHA)
Source of classification or shelving scheme Dewey Decimal Classification
Koha item type Books
Koha issues (borrowed), all copies 9
Holdings
Withdrawn status Lost status Source of classification or shelving scheme Damaged status Not for loan Home library Current library Date acquired Source of acquisition Cost, normal purchase price Serial Enumeration / chronology SGTU Bill Number Total Checkouts Total Renewals Full call number Barcode Date last seen Date last checked out Bill Date Koha item type
    Dewey Decimal Classification     SGT Dental Library SGT Dental Library 28/10/2010 PASSI PUBLICATION 2495.00 1 SGTU QB/245/2010 10 1 617.692 F2010S FD6064 01/05/2024 13/04/2024 22/03/2013 Books
    Dewey Decimal Classification     SGT Dental Library SGT Dental Library 28/10/2010 PASSI PUBLICATION 2495.00 1 SGTU QB/245/2010 3   617.692 F2010S FD6065 19/01/2018 09/09/2017 22/03/2013 Books
    Dewey Decimal Classification     SGT Dental Library SGT Dental Library 28/10/2010 PASSI PUBLICATION 2495.00 1 SGTU QB/245/2010 9   617.692 F2010S FD6066 15/07/2025 11/07/2025 22/03/2013 Books
    Dewey Decimal Classification     SGT Dental Library SGT Dental Library 28/10/2010 PASSI PUBLICATION 2495.00 1 SGTU QB/245/2010 11   617.692 F2010S FD6067 24/01/2024 24/01/2024 22/03/2013 Books
    Dewey Decimal Classification     SGT Dental Library SGT Dental Library 28/10/2010 PASSI PUBLICATION 2495.00 1 SGTU QB/245/2010     617.692 F2010S FD6068 09/02/2015   22/03/2013 Books